| 000 | 01190nam a22002177a 4500 | ||
|---|---|---|---|
| 003 | OSt | ||
| 005 | 20260128094036.0 | ||
| 008 | 230730b ||||| |||| 00| 0 eng d | ||
| 040 | _cSSBUL | ||
| 041 | _ashan | ||
| 082 | _a001.01 | ||
| 245 |
_aသၢႆၸႂ်မႁႃၽေႃးထိ / _cၸဝ်ႈၶူး Dr. ၼေႃႇၶမ်းလထမ်ႇမသႃႇမိ၊ ၸဝ်ႈၶူးၺႃႇၼသီႇရိ (ၸဝ်ႈမၢၼ်ႇတႃဢွၼ်ႇ၊ သီႇရိဢွၼ်ႇ) ၶပ်းၶိုင်- |
||
| 260 |
_bႁူင်းၽိမ်းဢိတ်ႇလိၵ်ႈမႄႈသၢႆ _c2015 |
||
| 300 |
_a300 ၼႃႈ _bပႃးၶႅပ်းႁၢင်ႈ (သီ) _c26 ၸိၼ်ႇထီႇ |
||
| 500 | _aပႃးပပ်ႉၸဝ်ႈတႃႇၼႁင်ႈၶေႃတွၵ်ႉတိူဝ်ႇၸၢႆးဢွင်ႇထုၼ်းလူႇတၢၼ်းဝႆႉပပ်ႉၼိုင်ႈ၊ မၢႆ-2529 | ||
| 500 | _a S-SAT: Dr. Prof Sai Aung Tun | ||
| 650 | _aပႁုသုတ (တၢင်းႁူႉၵူႈလွင်ႈလွင်ႈ) | ||
| 942 | _cBK | ||
| 942 | _2ddc | ||
| 942 | _2ddc | ||
| 999 |
_c27719 _d27719 |
||